Guess That City Picture Quiz - Statistics

General Stats
  • This quiz has been taken 583 times
  • The average score is 9 of 12
Answer Stats
Picture Answer % Correct
Sydney
91%
Cairo
89%
London
87%
Venice
86%
Dubai
82%
Moscow
75%
Toronto
75%
Rio de Janeiro
74%
Tokyo
69%
Las Vegas
64%
Cape Town
55%
Hong Kong
32%
No matching quizzes found
Score Distribution
Percent of People with Each Score
Percentile by Number Answered
Your Score History
You have not taken this quiz